Bohové a králové : vzestup a pád Alexandera McQueena a Johna Galliana / Dana Thomasová ; přeložil Zdík Dušek
Record details
- ISBN: 978-80-7359-509-8
- Physical Description: 377 stran, 32 nečíslovaných stran obrazových příloh : ilustrace (převážně barevné), portréty ; 24 cm
- Edition: Vydání první
- Publisher: V Praze : Metafora, 2016
Content descriptions
| General Note: | Přeloženo z angličtiny |
| Bibliography, etc. Note: | Obsahuje bibliografické odkazy |
Search for related items by subject
| Genre: | literatura faktu biografie non-fiction biography |
Available copies
- 1 of 1 copy available at Common Catalog SPOK.
Holds
- 0 current holds with 1 total copy.
Show Only Available Copies
| Location | Call Number / Copy Notes | Barcode | Shelving Location | Status | Due Date |
|---|---|---|---|---|---|
| Jabok Library | VO-1.2.2/T
Pořízeno z projektu Inovace VOV: CZ.02.3.68/0.0/0.0/16_041/0008052
|
424480043016 | Odborná literatura | Available | - |
| LDR | 02187cam a2200589 i 4500 | ||
|---|---|---|---|
| 001 | 46550 | ||
| 003 | CZ-PrJAB | ||
| 005 | 20200526152407.0 | ||
| 007 | ta | ||
| 008 | 161124s2016 xr acf e 000 0ccze d | ||
| 015 | . | ‡acnb002857387 | |
| 020 | . | ‡a978-80-7359-509-8 ‡q(vázáno) | |
| 035 | . | ‡a(CZ PrNK)nkc20162857387 | |
| 035 | . | ‡a(OCoLC)970633186 | |
| 040 | . | ‡aKLG001 ‡bcze ‡dOLA001 ‡dABA001 ‡erda | |
| 041 | 1 | . | ‡acze ‡heng |
| 043 | . | ‡ae-uk--- | |
| 045 | . | ‡ax6y1 | |
| 072 | 7. | ‡a391 ‡xOděv, móda, ozdoby ‡2Konspekt ‡91 | |
| 072 | 7. | ‡a929 ‡xBiografie ‡2Konspekt ‡98 | |
| 080 | . | ‡a687.5.01-051 ‡2MRF | |
| 080 | . | ‡a929 ‡2MRF | |
| 080 | . | ‡a391(091) ‡2MRF | |
| 080 | . | ‡a(410) ‡2MRF | |
| 080 | . | ‡a(0:82-96) ‡2MRF | |
| 080 | . | ‡a(092) ‡2MRF | |
| 100 | 1 | . | ‡aThomas, Dana, ‡d1964- ‡7xx0208369 ‡4aut |
| 240 | 1 | 0. | ‡aGods and kings. ‡lČesky |
| 245 | 1 | 0. | ‡aBohové a králové : ‡bvzestup a pád Alexandera McQueena a Johna Galliana / ‡cDana Thomasová ; přeložil Zdík Dušek |
| 246 | 3 | 0. | ‡aVzestup a pád Alexandera McQueena a Johna Galliana |
| 250 | . | ‡aVydání první | |
| 264 | 1. | ‡aV Praze : ‡bMetafora, ‡c2016 | |
| 300 | . | ‡a377 stran, 32 nečíslovaných stran obrazových příloh : ‡bilustrace (převážně barevné), portréty ; ‡c24 cm | |
| 336 | . | ‡atext ‡btxt ‡2rdacontent | |
| 337 | . | ‡abez média ‡bn ‡2rdamedia | |
| 338 | . | ‡asvazek ‡bnc ‡2rdacarrier | |
| 500 | . | ‡aPřeloženo z angličtiny | |
| 504 | . | ‡aObsahuje bibliografické odkazy | |
| 600 | 1 | 7. | ‡aGalliano, John, ‡d1960- ‡7js20051031028 ‡2czenas |
| 600 | 1 | 7. | ‡aMcQueen, Alexander, ‡d1969-2010 ‡7xx0099198 ‡2czenas |
| 648 | 7. | ‡a20.-21. století ‡7ch462155 ‡2czenas | |
| 650 | 0 | 7. | ‡amódní návrháři ‡7ph123138 ‡zVelká Británie ‡y20.-21. století ‡2czenas |
| 650 | 0 | 7. | ‡adějiny módy ‡7ph484342 ‡y20.-21. století ‡2czenas |
| 650 | 0 | 9. | ‡afashion designers ‡zGreat Britain ‡y20th-21st centuries ‡2eczenas |
| 650 | 0 | 9. | ‡ahistory of fashion ‡y20th-21st centuries ‡2eczenas |
| 655 | 7. | ‡aliteratura faktu ‡7fd132773 ‡2czenas | |
| 655 | 7. | ‡abiografie ‡7fd131909 ‡2czenas | |
| 655 | 9. | ‡anon-fiction ‡2eczenas | |
| 655 | 9. | ‡abiography ‡2eczenas | |
| 700 | 1 | . | ‡aDušek, Zdík, ‡d1976- ‡7ola20040616001 ‡4trl |
| 910 | . | ‡aABG312 | |
| 995 | . | ‡aska | |
| 901 | . | ‡a46550 ‡bCZ-PrJAB ‡c46550 ‡tbiblio | |